Optimal Planning for Economic Stabilization <The> Application of Control Theory to Stabilization Policy

Guardado en:
Detalles Bibliográficos
Autor principal: Pindyck, Robert S.
Formato: Libro
Lenguaje:inglés
Publicado: Amsterdam North-Holland 1973
Edición:1. ed.
Colección:Contributions to Economic Analysis Vol.81
Materias:
Etiquetas: Agregar Etiqueta
Sin Etiquetas, Sea el primero en etiquetar este registro!

MARC

LEADER 00000nam a2200000 4500
001 c010549
005 20221207073950.7
020 |a 0-7204-3183-2 
041 0 |a eng 
044 |a US 
245 1 0 |a Optimal Planning for Economic Stabilization  |b <The> Application of Control Theory to Stabilization Policy  |c Robert S. Pindyck 
250 |a 1. ed. 
264 1 |a Amsterdam  |b North-Holland  |c 1973 
300 |a 167 s. 
490 1 |a Contributions to Economic Analysis  |v Vol.81 
830 0 |a Contributions to Economic Analysis  |v Vol.81 
610 2 0 |a modelovanie ekonometrické 
610 2 0 |a analýza ekonomická 
610 2 0 |a plánovanie optimálne 
610 2 0 |a modely 
610 2 0 |a modely ekonometrické 
610 2 0 |a plán 
610 2 0 |a plánovanie 
610 2 0 |a USA 
610 2 0 |a politika hospodárska 
610 2 0 |a teória regulovania 
100 1 |a Pindyck, Robert S.